000 00834nam2a22002411 4500
001 rc\3561466
005 20130115140215.6
035 _a(NLR Aleph) 007686003
090 _a6589764
_c6589764
100 _a20130115d1976 |||y0rusy50 ca
101 0 _arus
102 _aRU
105 _ay z |||||
200 0 _a10 февраля 1976 г.
_fСост. Арчакова З.Ф.
210 _d1976
215 _a33 с.
461 0 _1001rc\3561465
_12001#$aБиблиографический указатель литературы ...$fГос. науч.-исслед. и проектный ин-т основной химии (НИОХим)$v10 февраля 1976 г.
702 1 _aАрчакова
_bЗ. Ф.
_4220
801 0 _aRU
_bNLR
_gpsbo
801 1 _aRU
_bELAR
_2rusmarc
852 _aNLR
_jС121-410/Н34
942 _cBOOK
980 _aNB